| 000 | 03732nam0a2200445 4500 | ||
|---|---|---|---|
| 001 | RU\NLR\BIBL_A\022346514 | ||
| 005 | 20260420015542.0 | ||
| 010 |
_a978-5-88045-627-7 _9300 |
||
| 021 |
_aRU _bКН-П-24-048534 _9КН-П-24-4828 |
||
| 035 | _a(NLR Aleph) 022346514 | ||
| 090 |
_a13666794 _c13666794 |
||
| 100 | _a20241009d2024 k y0rusy50 ca | ||
| 101 | 0 |
_arus _deng |
|
| 102 | _aRU | ||
| 105 | _aach z 100yy | ||
| 181 | 0 |
_ai _baxxe |
|
| 182 | 0 | _an | |
| 200 | 1 |
_aВоспитательная система А. С. Макаренко как основа развития системы наставничества в отечественной и зарубежной образовательной практике _eсборник статей участников международной научно-практической конференции (13 марта 2024 г.) _fДепартамент образования и науки города Москвы, Государственное бюджетное учреждение города Москвы "Московский городской дом учителя", Международная Макаренковская ассоциация ... Итальянская макаренковская ассоциация ... Белорусский государственный педагогический университета им. М. Танка [и др.] _gредакционная коллегия: ... И. В. Радзиминская (ответственный редактор) |
|
| 203 |
_aТекст _bвизуальный _cнепосредственный |
||
| 210 |
_aМосква _cПерспектива _d2024 |
||
| 215 |
_a158 с. _cил., цв. ил., портр., факс. _d21 |
||
| 300 | _aРез. англ. | ||
| 320 | _aБиблиогр. в конце ст. | ||
| 600 | 1 |
_aМакаренко _bА.С. _f1888 - 1939 _gАнтон Семенович _jСъезды, совещания и т.п _xПедагогическое наследие _xИзучение _92199114 _3RU\NLR\AUTH\661321571 |
|
| 606 | 1 |
_aНаставничество в образовательных учреждениях _jСъезды, совещания и т.п _92571479 _3RU\NLR\AUTH\661520624 |
|
| 606 | 1 |
_aУчащиеся _jСъезды, совещания и т.п _xВоспитание _92097222 _3RU\NLR\AUTH\661572311 |
|
| 686 | 1 | _aЧ33(2)7-213я431 | |
| 686 | 1 | _aЧ314.67я431 | |
| 686 | 1 | _aЧ313я431 | |
| 702 | 1 |
_aРадзиминская _bИ. В. _4340 |
|
| 711 | 1 | 2 |
_a"Воспитательная система А. С. Макаренко как основа развития системы наставничества в отечественной и зарубежной образовательной практике", международная научно-практическая конференция _eМосква _f2024 _92644563 _3RU\NLR\AUTH\880616853 |
| 712 | 0 | 2 |
_4570 _aМосковский городской дом учителя _9781397 _3RU\NLR\AUTH\880557157 |
| 712 | 0 | 2 |
_4570 _aМеждународная макаренковская ассоциация _cПолтава _9784550 _3RU\NLR\AUTH\880558618 |
| 712 | 0 | 2 |
_4570 _aИтальянская макаренковская ассоциация _cРим _9784558 _3RU\NLR\AUTH\880558622 |
| 712 | 0 | 2 |
_4570 _aБелорусский государственный педагогический университет им. М. Танка _cМинск _9442842 _3RU\NLR\AUTH\889973188 |
| 942 | _cBOOK | ||
| 980 | _aNB | ||